000 00370pab a2200145 454500
008 180718b2017 xxu||||| |||| 00| 0 eng d
100 _aMahanta, Bobby
245 _aInclusive education: developmental process for positive outcome
260 _c2017
300 _ap.25-29.
362 _a18 Sep
650 _aEducation
773 _aUniversity News
909 _a116095
999 _c116089
_d116089